[Event "Benidorm Satellite preliminary"]
[Site "playchess.com #007036"]
[Date "2009.10.24"]
[Round "10"]
[White "Dolorian"]
[Black "Roi folichon"]
[Result "1-0"]
[WhiteElo "1493"]
[BlackElo "1545"]
[PlyCount "129"]
[EventDate "2009.10.24"]
[EventType "swiss (blitz)"]

1. e4 {[%emt 0:00:02]} e5 {[%emt 0:00:01]} 2. f4 {[%emt 0:00:02]} d5 {[%emt 0:
00:02]} 3. exd5 {[%emt 0:00:02]} Qxd5 {[%emt 0:00:04]} 4. Nc3 {[%emt 0:00:05]}
Qe6 {[%emt 0:00:07]} 5. fxe5 {[%emt 0:00:05]} Qxe5+ {[%emt 0:00:01]} 6. Be2 {
[%emt 0:00:04]} Bb4 {[%emt 0:00:01]} 7. Nf3 {[%emt 0:00:04]} Qe7 {[%emt 0:00:
05]} 8. O-O {[%emt 0:00:02]} Nf6 {[%emt 0:00:01]} 9. Re1 {[%emt 0:00:01]} Be6 {
[%emt 0:00:04]} 10. Bc4 {[%emt 0:00:05]} O-O {[%emt 0:00:04]} 11. Bxe6 {[%emt
0:00:04]} fxe6 {[%emt 0:00:01]} 12. d3 {[%emt 0:00:05]} Bxc3 {[%emt 0:00:03]}
13. bxc3 {[%emt 0:00:01]} Nc6 {[%emt 0:00:02]} 14. a4 {[%emt 0:00:04]} Qc5+ {
[%emt 0:00:01]} 15. Kh1 {[%emt 0:00:03]} Qxc3 {[%emt 0:00:00]} 16. Ng5 {[%emt
0:00:15]} e5 {[%emt 0:00:10]} 17. Ra3 {[%emt 0:00:23]} Qb4 {[%emt 0:00:17]} 18.
Re3 {[%emt 0:00:31]} Qe7 {[%emt 0:00:33]} 19. Rh3 {[%emt 0:00:17]} h6 {[%emt 0:
00:14]} 20. Nf3 {[%emt 0:00:06]} Ng4 {[%emt 0:00:10]} 21. Qd2 {[%emt 0:00:18]}
Qd6 {[%emt 0:00:23]} 22. Rg3 {[%emt 0:00:04]} Rf7 {[%emt 0:00:52]} 23. Rxg4 {
[%emt 0:00:04]} Raf8 {[%emt 0:00:05]} 24. h3 {[%emt 0:00:04]} Rxf3 {[%emt 0:00:
05]} 25. gxf3 {[%emt 0:00:01]} Nd4 {[%emt 0:00:00]} 26. Qxh6 {[%emt 0:00:09]}
Qxh6 {[%emt 0:00:02]} 27. Bxh6 {[%emt 0:00:01]} Kh7 {[%emt 0:00:00]} 28. Be3 {
[%emt 0:00:01]} Rxf3 {[%emt 0:00:05]} 29. Bxd4 {[%emt 0:00:02]} exd4 {[%emt 0:
00:04]} 30. Rxd4 {[%emt 0:00:01]} Rxh3+ {[%emt 0:00:07]} 31. Kg2 {[%emt 0:00:
01]} Re3 {[%emt 0:00:02]} 32. Kf2 {[%emt 0:00:04]} Re7 {[%emt 0:00:02]} 33. Rc3
{[%emt 0:00:02]} b6 {[%emt 0:00:01]} 34. Rdc4 {[%emt 0:00:01]} c5 {[%emt 0:00:
01]} 35. a5 {[%emt 0:00:02]} g5 {[%emt 0:00:01]} 36. axb6 {[%emt 0:00:01]} axb6
{[%emt 0:00:01]} 37. Rg4 {[%emt 0:00:01]} Kg6 {[%emt 0:00:01]} 38. Rcc4 {[%emt
0:00:03]} Rf7+ {[%emt 0:00:02]} 39. Ke2 {[%emt 0:00:02]} Re7+ {[%emt 0:00:00]}
40. Rce4 {[%emt 0:00:02]} Rf7 {[%emt 0:00:02]} 41. Re6+ {[%emt 0:00:02]} Kh5 {
[%emt 0:00:01]} 42. Rge4 {[%emt 0:00:03]} g4 {[%emt 0:00:01]} 43. Rxb6 {[%emt
0:00:02]} Kh4 {[%emt 0:00:01]} 44. Rg6 {[%emt 0:00:02]} Ra7 {[%emt 0:00:07]}
45. Rgxg4+ {[%emt 0:00:03]} Kh5 {[%emt 0:00:01]} 46. Rh4+ {[%emt 0:00:03]} Kg5
{[%emt 0:00:01]} 47. Kd2 {[%emt 0:00:01]} Rf7 {[%emt 0:00:02]} 48. Rh2 {[%emt
0:00:03]} Rf3 {[%emt 0:00:02]} 49. Re8 {[%emt 0:00:02]} Kg4 {[%emt 0:00:02]}
50. Rg8+ {[%emt 0:00:01]} Kf4 {[%emt 0:00:01]} 51. Rf8+ {[%emt 0:00:01]} Kg4 {
[%emt 0:00:00]} 52. Rxf3 {[%emt 0:00:01]} Kxf3 {[%emt 0:00:00]} 53. Rh5 {[%emt
0:00:01]} Kf4 {[%emt 0:00:01]} 54. Rxc5 {[%emt 0:00:01]} Kf3 {[%emt 0:00:00]}
55. Re5 {[%emt 0:00:02]} Kf4 {[%emt 0:00:00]} 56. d4 {[%emt 0:00:01]} Kf3 {
[%emt 0:00:00]} 57. c4 {[%emt 0:00:01]} Kf4 {[%emt 0:00:00]} 58. c5 {[%emt 0:
00:00]} Kf3 {[%emt 0:00:00]} 59. c6 {[%emt 0:00:00]} Kf4 {[%emt 0:00:00]} 60.
c7 {[%emt 0:00:00]} Kf3 {[%emt 0:00:00]} 61. c8=Q {[%emt 0:00:00]} Kf4 {[%emt
0:00:00]} 62. Qf8+ {[%emt 0:00:01]} Kg3 {[%emt 0:00:01]} 63. Qf6 {[%emt 0:00:
02]} Kg2 {[%emt 0:00:02]} 64. Rg5+ {[%emt 0:00:01]} Kh2 {[%emt 0:00:00]} 65.
Qh6# {[%emt 0:00:01]} 1-0

[Event "Benidorm Satellite preliminary"]
[Site "playchess.com #007036"]
[Date "2009.10.24"]
[Round "10"]
[White "Schachkanone2"]
[Black "Retep1"]
[Result "0-1"]
[WhiteElo "1441"]
[BlackElo "1662"]
[PlyCount "104"]
[EventDate "2009.10.24"]
[EventType "swiss (blitz)"]

1. e4 {[%emt 0:00:01]} c5 {[%emt 0:00:16]} 2. Nf3 {[%emt 0:00:03]} d6 {[%emt 0:
00:02]} 3. d4 {[%emt 0:00:03]} cxd4 {[%emt 0:00:08]} 4. Nxd4 {[%emt 0:00:04]}
Nf6 {[%emt 0:00:08]} 5. Nc3 {[%emt 0:00:06]} a6 {[%emt 0:00:07]} 6. Bc4 {[%emt
0:00:11]} e6 {[%emt 0:00:07]} 7. O-O {[%emt 0:00:02]} Be7 {[%emt 0:00:05]} 8.
Bg5 {[%emt 0:00:03]} O-O {[%emt 0:00:04]} 9. f4 {[%emt 0:00:03]} b5 {[%emt 0:
00:07]} 10. Bb3 {[%emt 0:00:03]} b4 {[%emt 0:00:03]} 11. Bxf6 {[%emt 0:00:05]}
Bxf6 {[%emt 0:00:04]} 12. Nce2 {[%emt 0:00:04]} Qb6 {[%emt 0:00:06]} 13. Kh1 {
[%emt 0:00:04]} Bb7 {[%emt 0:00:06]} 14. c3 {[%emt 0:00:16]} Bxe4 {[%emt 0:00:
18]} 15. a3 {[%emt 0:00:15]} bxc3 {[%emt 0:00:07]} 16. bxc3 {[%emt 0:00:05]}
Qb7 {[%emt 0:00:08]} 17. Nf3 {[%emt 0:00:09]} d5 {[%emt 0:00:04]} 18. Rb1 {
[%emt 0:00:06]} Bxb1 {[%emt 0:00:09]} 19. Qxb1 {[%emt 0:00:01]} Nc6 {[%emt 0:
00:06]} 20. Ba4 {[%emt 0:00:02]} Qxb1 {[%emt 0:00:05]} 21. Rxb1 {[%emt 0:00:01]
} Rab8 {[%emt 0:00:09]} 22. Nd2 {[%emt 0:00:14]} Rxb1+ {[%emt 0:00:05]} 23.
Nxb1 {[%emt 0:00:03]} Rb8 {[%emt 0:00:11]} 24. Nd2 {[%emt 0:00:05]} Rb2 {[%emt
0:00:03]} 25. Bxc6 {[%emt 0:00:04]} Rxd2 {[%emt 0:00:09]} 26. Ng1 {[%emt 0:00:
04]} Bxc3 {[%emt 0:00:13]} 27. h3 {[%emt 0:00:02]} Ra2 {[%emt 0:00:05]} 28. a4
{[%emt 0:00:02]} d4 {[%emt 0:00:05]} 29. Kh2 {[%emt 0:00:03]} d3 {[%emt 0:00:
01]} 30. Nf3 {[%emt 0:00:02]} d2 {[%emt 0:00:02]} 31. Nxd2 {[%emt 0:00:01]}
Bxd2 {[%emt 0:00:02]} 32. Kg3 {[%emt 0:00:06]} f6 {[%emt 0:00:02]} 33. Kg4 {
[%emt 0:00:02]} Kf7 {[%emt 0:00:01]} 34. g3 {[%emt 0:00:01]} g6 {[%emt 0:00:01]
} 35. h4 {[%emt 0:00:02]} h5+ {[%emt 0:00:01]} 36. Kf3 {[%emt 0:00:01]} e5 {
[%emt 0:00:02]} 37. fxe5 {[%emt 0:00:01]} fxe5 {[%emt 0:00:01]} 38. Ke4 {[%emt
0:00:02]} Kf6 {[%emt 0:00:01]} 39. Kf3 {[%emt 0:00:08]} a5 {[%emt 0:00:01]} 40.
g4 {[%emt 0:00:01]} hxg4+ {[%emt 0:00:02]} 41. Kxg4 {[%emt 0:00:01]} Bb4 {
[%emt 0:00:02]} 42. h5 {[%emt 0:00:03]} gxh5+ {[%emt 0:00:02]} 43. Kxh5 {[%emt
0:00:01]} Kf5 {[%emt 0:00:00]} 44. Kh4 {[%emt 0:00:02]} Kf4 {[%emt 0:00:00]}
45. Kh3 {[%emt 0:00:01]} e4 {[%emt 0:00:02]} 46. Bb5 {[%emt 0:00:06]} Ke3 {
[%emt 0:00:02]} 47. Kg3 {[%emt 0:00:02]} Rf2 {[%emt 0:00:00]} 48. Bc6 {[%emt 0:
00:03]} Rf8 {[%emt 0:00:00]} 49. Bb5 {[%emt 0:00:04]} Kd2 {[%emt 0:00:01]} 50.
Kg2 {[%emt 0:00:02]} e3 {[%emt 0:00:01]} 51. Kg1 {[%emt 0:00:02]} e2 {[%emt 0:
00:01]} 52. Bxe2 {[%emt 0:00:01]} Kxe2 {[%emt 0:00:01] Schachkanone2 gibt auf}
0-1

[Event "Benidorm Satellite preliminary"]
[Site "playchess.com #007036"]
[Date "2009.10.24"]
[Round "10"]
[White "Rashid"]
[Black "Mtudorache"]
[Result "1-0"]
[WhiteElo "2120"]
[BlackElo "1805"]
[PlyCount "149"]
[EventDate "2009.10.24"]
[EventType "swiss (blitz)"]

1. e4 {[%emt 0:00:01]} c5 {[%emt 0:00:02]} 2. Nf3 {[%emt 0:00:01]} Nc6 {[%emt
0:00:01]} 3. d3 {[%emt 0:00:01]} g6 {[%emt 0:00:03]} 4. c3 {[%emt 0:00:05]} Bg7
{[%emt 0:00:10]} 5. g3 {[%emt 0:00:04]} e6 {[%emt 0:00:03]} 6. Bg2 {[%emt 0:00:
04]} h6 {[%emt 0:00:01]} 7. O-O {[%emt 0:00:03]} Nge7 {[%emt 0:00:01]} 8. Re1 {
[%emt 0:00:18]} d5 {[%emt 0:00:03]} 9. Nbd2 {[%emt 0:00:28]} Rb8 {[%emt 0:00:
03]} 10. Nf1 {[%emt 0:00:14]} b5 {[%emt 0:00:06]} 11. exd5 {[%emt 0:00:09]}
exd5 {[%emt 0:00:03]} 12. Bf4 {[%emt 0:00:04]} Rb6 {[%emt 0:00:08]} 13. Ne5 {
[%emt 0:00:09]} Nxe5 {[%emt 0:00:11]} 14. Bxe5 {[%emt 0:00:00]} Bxe5 {[%emt 0:
00:02]} 15. Rxe5 {[%emt 0:00:00]} O-O {[%emt 0:00:01]} 16. Qe2 {[%emt 0:00:16]}
Re6 {[%emt 0:00:02]} 17. Re1 {[%emt 0:00:08]} Nc6 {[%emt 0:00:16]} 18. Rxe6 {
[%emt 0:00:22]} Bxe6 {[%emt 0:00:02]} 19. Qe3 {[%emt 0:00:01]} Kg7 {[%emt 0:00:
28]} 20. Qxc5 {[%emt 0:00:04]} Qb6 {[%emt 0:00:03]} 21. Qxb6 {[%emt 0:00:04]}
axb6 {[%emt 0:00:00]} 22. Ne3 {[%emt 0:00:04]} Rd8 {[%emt 0:00:02]} 23. Nc2 {
[%emt 0:00:04]} Ra8 {[%emt 0:00:03]} 24. a3 {[%emt 0:00:01]} Rc8 {[%emt 0:00:
07]} 25. h4 {[%emt 0:00:20]} h5 {[%emt 0:00:02]} 26. Ne3 {[%emt 0:00:08]} Rd8 {
[%emt 0:00:03]} 27. Nc2 {[%emt 0:00:08]} Rd7 {[%emt 0:00:03]} 28. Ra1 {[%emt 0:
00:05]} Ne5 {[%emt 0:00:06]} 29. Nb4 {[%emt 0:00:03]} Rd6 {[%emt 0:00:22]} 30.
Re1 {[%emt 0:00:02]} Nd7 {[%emt 0:00:10]} 31. Kh2 {[%emt 0:00:06]} Nf6 {[%emt
0:00:13]} 32. Bh3 {[%emt 0:00:02]} Ng4+ {[%emt 0:00:06]} 33. Bxg4 {[%emt 0:00:
02]} hxg4 {[%emt 0:00:00]} 34. Kg2 {[%emt 0:00:03]} f5 {[%emt 0:00:02]} 35. Nc2
{[%emt 0:00:05]} Kf6 {[%emt 0:00:01]} 36. Nd4 {[%emt 0:00:01]} Bf7 {[%emt 0:00:
01]} 37. Nxb5 {[%emt 0:00:01]} Rc6 {[%emt 0:00:01]} 38. Nd4 {[%emt 0:00:03]}
Rc7 {[%emt 0:00:01]} 39. Ne2 {[%emt 0:00:10]} Ra7 {[%emt 0:00:04]} 40. Nf4 {
[%emt 0:00:02]} Ra4 {[%emt 0:00:02]} 41. d4 {[%emt 0:00:01]} Ra5 {[%emt 0:00:
07]} 42. Re2 {[%emt 0:00:01]} Ra7 {[%emt 0:00:11]} 43. Kf1 {[%emt 0:00:01]} Rd7
{[%emt 0:00:03]} 44. Ke1 {[%emt 0:00:01]} g5 {[%emt 0:00:01]} 45. hxg5+ {[%emt
0:00:01]} Kxg5 {[%emt 0:00:00]} 46. Re5 {[%emt 0:00:03]} Kf6 {[%emt 0:00:02]}
47. Kd2 {[%emt 0:00:01]} Rd6 {[%emt 0:00:02]} 48. Re1 {[%emt 0:00:02]} b5 {
[%emt 0:00:01]} 49. Rh1 {[%emt 0:00:01]} Kg5 {[%emt 0:00:07]} 50. Rh7 {[%emt 0:
00:03]} Rf6 {[%emt 0:00:02]} 51. Rh8 {[%emt 0:00:03]} Rd6 {[%emt 0:00:02]} 52.
Rb8 {[%emt 0:00:01]} Rh6 {[%emt 0:00:03]} 53. Rxb5 {[%emt 0:00:02]} Rh2 {[%emt
0:00:01]} 54. Ke2 {[%emt 0:00:01]} Rh1 {[%emt 0:00:04]} 55. Nxd5 {[%emt 0:00:
01]} Bxd5 {[%emt 0:00:02]} 56. Rxd5 {[%emt 0:00:00]} Rb1 {[%emt 0:00:00]} 57.
Rb5 {[%emt 0:00:01]} Rc1 {[%emt 0:00:03]} 58. a4 {[%emt 0:00:02]} Rc2+ {[%emt
0:00:01]} 59. Kf1 {[%emt 0:00:01]} Kf6 {[%emt 0:00:07]} 60. a5 {[%emt 0:00:01]}
Rc1+ {[%emt 0:00:02]} 61. Kg2 {[%emt 0:00:01]} Ra1 {[%emt 0:00:00]} 62. Rb6+ {
[%emt 0:00:02]} Ke7 {[%emt 0:00:00]} 63. a6 {[%emt 0:00:01]} Kd7 {[%emt 0:00:
00]} 64. Rb7+ {[%emt 0:00:01]} Kc6 {[%emt 0:00:01]} 65. Rf7 {[%emt 0:00:01]}
Kb5 {[%emt 0:00:07]} 66. a7 {[%emt 0:00:04]} Kc4 {[%emt 0:00:02]} 67. Rc7+ {
[%emt 0:00:06]} Kb3 {[%emt 0:00:01]} 68. d5 {[%emt 0:00:01]} Kxb2 {[%emt 0:00:
01]} 69. d6 {[%emt 0:00:01]} f4 {[%emt 0:00:02]} 70. gxf4 {[%emt 0:00:02]} Kc2
{[%emt 0:00:02]} 71. d7 {[%emt 0:00:01]} Kd3 {[%emt 0:00:00]} 72. d8=Q+ {[%emt
0:00:01]} Ke4 {[%emt 0:00:00]} 73. Re7+ {[%emt 0:00:01]} Kf5 {[%emt 0:00:01]}
74. Qf8+ {[%emt 0:00:01]} Kg6 {[%emt 0:00:02]} 75. Rg7+ {[%emt 0:00:01]
Mtudorache abbandona} 1-0

[Event "Benidorm Satellite preliminary"]
[Site "playchess.com #007036"]
[Date "2009.10.24"]
[Round "10"]
[White "Musterlukas"]
[Black "RKO DRM"]
[Result "1-0"]
[WhiteElo "1815"]
[BlackElo "1673"]
[PlyCount "175"]
[EventDate "2009.10.24"]
[EventType "swiss (blitz)"]

1. d4 {[%emt 0:00:03]} d6 {[%emt 0:00:03]} 2. Nf3 {[%emt 0:00:03]} Nf6 {[%emt
0:00:01]} 3. c4 {[%emt 0:00:02]} g6 {[%emt 0:00:01]} 4. Nc3 {[%emt 0:00:01]}
Bg7 {[%emt 0:00:01]} 5. e4 {[%emt 0:00:02]} O-O {[%emt 0:00:04]} 6. Be2 {[%emt
0:00:02]} Nbd7 {[%emt 0:00:01]} 7. O-O {[%emt 0:00:02]} c5 {[%emt 0:00:01]} 8.
d5 {[%emt 0:00:01]} e5 {[%emt 0:00:01]} 9. Ne1 {[%emt 0:00:07]} Ne8 {[%emt 0:
00:05]} 10. a3 {[%emt 0:00:02]} Nb6 {[%emt 0:00:01]} 11. b4 {[%emt 0:00:02]}
cxb4 {[%emt 0:00:02]} 12. axb4 {[%emt 0:00:01]} f5 {[%emt 0:00:05]} 13. f3 {
[%emt 0:00:02]} Nd7 {[%emt 0:00:16]} 14. Be3 {[%emt 0:00:03]} f4 {[%emt 0:00:
03]} 15. Bf2 {[%emt 0:00:03]} b6 {[%emt 0:00:01]} 16. Nd3 {[%emt 0:00:02]} Bb7
{[%emt 0:00:04]} 17. Nb5 {[%emt 0:00:06]} a6 {[%emt 0:00:15]} 18. Na3 {[%emt 0:
00:03]} Rc8 {[%emt 0:00:07]} 19. Qb3 {[%emt 0:00:03]} Nef6 {[%emt 0:00:04]} 20.
Rfc1 {[%emt 0:00:04]} g5 {[%emt 0:00:14]} 21. c5 {[%emt 0:00:02]} bxc5 {[%emt
0:00:08]} 22. bxc5 {[%emt 0:00:02]} Ba8 {[%emt 0:00:04] RKO DRM reclama
victoria por desconexión} 23. c6 {[%emt 0:00:28]} Rb8 {[%emt 0:00:25]} 24. Qc4
{[%emt 0:00:11]} Nb6 {[%emt 0:00:07]} 25. Qxa6 {[%emt 0:00:10]} Qc7 {[%emt 0:
00:07]} 26. Nb5 {[%emt 0:00:07]} Qc8 {[%emt 0:00:10]} 27. Bxb6 {[%emt 0:00:15]}
Ne8 {[%emt 0:00:15]} 28. c7 {[%emt 0:00:24]} Nxc7 {[%emt 0:00:26]} 29. Qxc8 {
[%emt 0:00:13]} Rfxc8 {[%emt 0:00:06]} 30. Nxc7 {[%emt 0:00:03]} Rxb6 {[%emt 0:
00:07]} 31. Rxa8 {[%emt 0:00:05]} Rxa8 {[%emt 0:00:05]} 32. Nxa8 {[%emt 0:00:
01]} Rb2 {[%emt 0:00:05]} 33. Bf1 {[%emt 0:00:04]} Rb8 {[%emt 0:00:04]} 34. Nc7
{[%emt 0:00:02]} h5 {[%emt 0:00:05]} 35. Ne6 {[%emt 0:00:01]} Bh8 {[%emt 0:00:
02]} 36. Nxg5 {[%emt 0:00:02]} Bf6 {[%emt 0:00:02]} 37. Ne6 {[%emt 0:00:01]}
Kf7 {[%emt 0:00:01]} 38. Ra1 {[%emt 0:00:07]} Kg6 {[%emt 0:00:02]} 39. Kf2 {
[%emt 0:00:05]} h4 {[%emt 0:00:01]} 40. h3 {[%emt 0:00:02]} Rc8 {[%emt 0:00:05]
} 41. Be2 {[%emt 0:00:01]} Rc2 {[%emt 0:00:01]} 42. Nb4 {[%emt 0:00:02]} Rc8 {
[%emt 0:00:09]} 43. Nc6 {[%emt 0:00:01]} Re8 {[%emt 0:00:06]} 44. Ra7 {[%emt 0:
00:04]} Rg8 {[%emt 0:00:04]} 45. Rb7 {[%emt 0:00:02]} Rh8 {[%emt 0:00:01]} 46.
Rb8 {[%emt 0:00:01]} Rxb8 {[%emt 0:00:02]} 47. Nxb8 {[%emt 0:00:02]} Bh8 {
[%emt 0:00:03]} 48. Nd7 {[%emt 0:00:01]} Kf7 {[%emt 0:00:03]} 49. Bb5 {[%emt 0:
00:07]} Ke7 {[%emt 0:00:01]} 50. Ng5 {[%emt 0:00:02]} Bf6 {[%emt 0:00:03]} 51.
Nxf6 {[%emt 0:00:02]} Kxf6 {[%emt 0:00:00]} 52. Ne6 {[%emt 0:00:00]} Ke7 {
[%emt 0:00:01]} 53. Ke2 {[%emt 0:00:01]} Kf6 {[%emt 0:00:00]} 54. Kd3 {[%emt 0:
00:00]} Ke7 {[%emt 0:00:00]} 55. Kc4 {[%emt 0:00:00]} Kf6 {[%emt 0:00:03]} 56.
Ba4 {[%emt 0:00:01]} Ke7 {[%emt 0:00:00]} 57. Kb5 {[%emt 0:00:01]} Kd7 {[%emt
0:00:01]} 58. Kb6+ {[%emt 0:00:01]} Ke7 {[%emt 0:00:04]} 59. Kc7 {[%emt 0:00:
00]} Kf6 {[%emt 0:00:01]} 60. Kxd6 {[%emt 0:00:01]} Kg6 {[%emt 0:00:01]} 61.
Kxe5 {[%emt 0:00:01]} Kf7 {[%emt 0:00:00]} 62. Kxf4 {[%emt 0:00:01]} Ke7 {
[%emt 0:00:00]} 63. Kg4 {[%emt 0:00:01]} Kd6 {[%emt 0:00:00]} 64. Kxh4 {[%emt
0:00:01]} Ke5 {[%emt 0:00:00]} 65. Kg5 {[%emt 0:00:01]} Kd6 {[%emt 0:00:02]}
66. h4 {[%emt 0:00:01]} Ke7 {[%emt 0:00:03]} 67. Kf5 {[%emt 0:00:01]} Kf7 {
[%emt 0:00:01]} 68. e5 {[%emt 0:00:01]} Kg8 {[%emt 0:00:00]} 69. Ng5 {[%emt 0:
00:01]} Kg7 {[%emt 0:00:01]} 70. h5 {[%emt 0:00:01]} Kh6 {[%emt 0:00:01]} 71.
g4 {[%emt 0:00:02]} Kg7 {[%emt 0:00:01]} 72. Ke6 {[%emt 0:00:02]} Kh6 {[%emt 0:
00:01]} 73. Nf7+ {[%emt 0:00:02]} Kg7 {[%emt 0:00:01]} 74. Bc2 {[%emt 0:00:01]}
Kf8 {[%emt 0:00:01]} 75. h6 {[%emt 0:00:04]} Kg8 {[%emt 0:00:04]} 76. Ng5 {
[%emt 0:00:00]} Kh8 {[%emt 0:00:01]} 77. Kf5 {[%emt 0:00:07]} Kg8 {[%emt 0:00:
01]} 78. d6 {[%emt 0:00:02]} Kf8 {[%emt 0:00:02]} 79. d7 {[%emt 0:00:01]} Ke7 {
[%emt 0:00:01]} 80. e6 {[%emt 0:00:02]} Kd8 {[%emt 0:00:01]} 81. Ke5 {[%emt 0:
00:04]} Ke7 {[%emt 0:00:01]} 82. Ne4 {[%emt 0:00:02]} Kd8 {[%emt 0:00:01]} 83.
Nc5 {[%emt 0:00:03]} Ke7 {[%emt 0:00:01]} 84. Nb7 {[%emt 0:00:02]} Kf8 {[%emt
0:00:06]} 85. d8=R+ {[%emt 0:00:02]} Ke7 {[%emt 0:00:01]} 86. Rd7+ {[%emt 0:00:
02]} Ke8 {[%emt 0:00:01]} 87. Kd6 {[%emt 0:00:03]} Kf8 {[%emt 0:00:01]} 88.
Rd8# {[%emt 0:00:03]} 1-0

[Event "Benidorm Satellite preliminary"]
[Site "playchess.com #007036"]
[Date "2009.10.24"]
[Round "10"]
[White "SteinerKarl"]
[Black "Jolan"]
[Result "1-0"]
[WhiteElo "1629"]
[BlackElo "1660"]
[PlyCount "197"]
[EventDate "2009.10.24"]
[EventType "swiss (blitz)"]

1. d4 {[%emt 0:00:04]} Nf6 {[%emt 0:00:01]} 2. Nf3 {[%emt 0:00:02]} c5 {[%emt
0:00:00]} 3. d5 {[%emt 0:00:02]} d6 {[%emt 0:00:01]} 4. c4 {[%emt 0:00:01]} g6
{[%emt 0:00:01]} 5. Nc3 {[%emt 0:00:01]} Bg7 {[%emt 0:00:00]} 6. e4 {[%emt 0:
00:02]} O-O {[%emt 0:00:00]} 7. Be2 {[%emt 0:00:04]} Re8 {[%emt 0:00:01]} 8.
O-O {[%emt 0:00:02]} Na6 {[%emt 0:00:01]} 9. a3 {[%emt 0:00:05]} e6 {[%emt 0:
00:01]} 10. Bg5 {[%emt 0:00:05]} exd5 {[%emt 0:00:01]} 11. cxd5 {[%emt 0:00:10]
} Nc7 {[%emt 0:00:01]} 12. Qc2 {[%emt 0:00:10]} a6 {[%emt 0:00:03]} 13. a4 {
[%emt 0:00:02]} Rb8 {[%emt 0:00:02]} 14. a5 {[%emt 0:00:11]} h6 {[%emt 0:00:04]
} 15. Bf4 {[%emt 0:00:03]} g5 {[%emt 0:00:02]} 16. Bg3 {[%emt 0:00:02]} Nh5 {
[%emt 0:00:01]} 17. Nd2 {[%emt 0:00:18]} Nxg3 {[%emt 0:00:01]} 18. hxg3 {[%emt
0:00:10]} Bd4 {[%emt 0:00:02]} 19. Nc4 {[%emt 0:00:08]} Qe7 {[%emt 0:00:19]}
20. Rfe1 {[%emt 0:00:13]} Qf6 {[%emt 0:00:05]} 21. Bd3 {[%emt 0:00:10]} Nb5 {
[%emt 0:00:08]} 22. e5 {[%emt 0:00:19]} dxe5 {[%emt 0:00:07]} 23. Nxb5 {[%emt
0:00:29]} axb5 {[%emt 0:00:02]} 24. Ne3 {[%emt 0:00:07]} c4 {[%emt 0:00:03]}
25. Bh7+ {[%emt 0:00:11]} Kg7 {[%emt 0:00:07]} 26. Nf5+ {[%emt 0:00:10]} Bxf5 {
[%emt 0:00:02]} 27. Bxf5 {[%emt 0:00:02]} Rbd8 {[%emt 0:00:15]} 28. Be4 {[%emt
0:00:09]} b6 {[%emt 0:00:06]} 29. a6 {[%emt 0:00:02]} Re7 {[%emt 0:00:05]} 30.
a7 {[%emt 0:00:05]} Ree8 {[%emt 0:00:14]} 31. d6 {[%emt 0:00:06]} Qxd6 {[%emt
0:00:02]} 32. a8=Q {[%emt 0:00:04]} Rxa8 {[%emt 0:00:01]} 33. Bxa8 {[%emt 0:00:
03]} Qc5 {[%emt 0:00:12]} 34. Be4 {[%emt 0:00:04]} b4 {[%emt 0:00:05]} 35. Kh2
{[%emt 0:00:05]} b3 {[%emt 0:00:14] '} 36. Qe2 {[%emt 0:00:02]} b5 {[%emt 0:00:
06]} 37. Rad1 {[%emt 0:00:04]} Rd8 {[%emt 0:00:15]} 38. Qg4 {[%emt 0:00:02]}
Qc7 {[%emt 0:00:05]} 39. Qf5 {[%emt 0:00:02]} Rh8 {[%emt 0:00:23]} 40. g4 {
[%emt 0:00:02]} Qe7 {[%emt 0:00:02]} 41. Rd2 {[%emt 0:00:02]} Qf6 {[%emt 0:00:
01]} 42. Qxf6+ {[%emt 0:00:02]} Kxf6 {[%emt 0:00:01]} 43. Bd5 {[%emt 0:00:02]}
h5 {[%emt 0:00:02]} 44. Kg3 {[%emt 0:00:02]} h4+ {[%emt 0:00:03]} 45. Kh3 {
[%emt 0:00:01]} Rd8 {[%emt 0:00:05]} 46. Bc6 {[%emt 0:00:02]} Rd6 {[%emt 0:00:
01]} 47. Bxb5 {[%emt 0:00:02]} Rb6 {[%emt 0:00:09]} 48. Bxc4 {[%emt 0:00:01]}
Ke7 {[%emt 0:00:00]} 49. Bd5 {[%emt 0:00:02]} Kd6 {[%emt 0:00:01]} 50. Bf3 {
[%emt 0:00:02]} Kc5 {[%emt 0:00:02]} 51. Rc1+ {[%emt 0:00:02]} Kd6 {[%emt 0:00:
03]} 52. Rxd4+ {[%emt 0:00:03]} exd4 {[%emt 0:00:02]} 53. Be4 {[%emt 0:00:03]}
Ke5 {[%emt 0:00:01]} 54. Bd3 {[%emt 0:00:02]} Rf6 {[%emt 0:00:03]} 55. f3 {
[%emt 0:00:02]} Kd6 {[%emt 0:00:03]} 56. Rc4 {[%emt 0:00:03]} Rf4 {[%emt 0:00:
04]} 57. Rb4 {[%emt 0:00:03]} Kc5 {[%emt 0:00:05]} 58. Rxb3 {[%emt 0:00:01]}
Rf6 {[%emt 0:00:01]} 59. Rb8 {[%emt 0:00:02]} Kd5 {[%emt 0:00:07]} 60. b4 {
[%emt 0:00:02]} Kc6 {[%emt 0:00:03]} 61. b5+ {[%emt 0:00:02]} Kc7 {[%emt 0:00:
01]} 62. Re8 {[%emt 0:00:03]} Rb6 {[%emt 0:00:05]} 63. Re7+ {[%emt 0:00:03]}
Kd6 {[%emt 0:00:00]} 64. Rxf7 {[%emt 0:00:01]} Kc5 {[%emt 0:00:00]} 65. Rf5+ {
[%emt 0:00:02]} Kb4 {[%emt 0:00:01]} 66. Rxg5 {[%emt 0:00:01]} Kc3 {[%emt 0:00:
00]} 67. Be4 {[%emt 0:00:03]} d3 {[%emt 0:00:01]} 68. Bxd3 {[%emt 0:00:02]}
Kxd3 {[%emt 0:00:01]} 69. Kxh4 {[%emt 0:00:01]} Ke3 {[%emt 0:00:01]} 70. Kg3 {
[%emt 0:00:01]} Kd3 {[%emt 0:00:02]} 71. Rf5 {[%emt 0:00:02]} Kd4 {[%emt 0:00:
02]} 72. g5 {[%emt 0:00:02]} Rg6 {[%emt 0:00:03]} 73. Kf4 {[%emt 0:00:02]} Kc4
{[%emt 0:00:03]} 74. Rf6 {[%emt 0:00:03]} Rg8 {[%emt 0:00:01]} 75. b6 {[%emt 0:
00:01]} Kc5 {[%emt 0:00:00]} 76. Kf5 {[%emt 0:00:02]} Kb5 {[%emt 0:00:03]} 77.
g6 {[%emt 0:00:01]} Rg7 {[%emt 0:00:02]} 78. g4 {[%emt 0:00:02]} Kc5 {[%emt 0:
00:02]} 79. g5 {[%emt 0:00:02]} Kb5 {[%emt 0:00:01]} 80. f4 {[%emt 0:00:01]}
Kc5 {[%emt 0:00:01]} 81. Ke5 {[%emt 0:00:03]} Kb5 {[%emt 0:00:01]} 82. Kd5 {
[%emt 0:00:02]} Ka5 {[%emt 0:00:03]} 83. Rf7 {[%emt 0:00:03]} Rxg6 {[%emt 0:00:
02]} 84. b7 {[%emt 0:00:01]} Rb6 {[%emt 0:00:02]} 85. g6 {[%emt 0:00:02]} Rxg6
{[%emt 0:00:03]} 86. b8=Q {[%emt 0:00:03]} Rb6 {[%emt 0:00:01]} 87. Qa7+ {
[%emt 0:00:02]} Ra6 {[%emt 0:00:01]} 88. Qc7+ {[%emt 0:00:02]} Ka4 {[%emt 0:00:
03]} 89. Qc2+ {[%emt 0:00:02]} Ka5 {[%emt 0:00:01]} 90. f5 {[%emt 0:00:03]} Ra8
{[%emt 0:00:10]} 91. Rb7 {[%emt 0:00:03]} Rd8+ {[%emt 0:00:01]} 92. Ke6 {[%emt
0:00:02]} Rd4 {[%emt 0:00:06]} 93. Qa2+ {[%emt 0:00:02]} Ra4 {[%emt 0:00:03]}
94. Ra7+ {[%emt 0:00:02]} Kb6 {[%emt 0:00:02]} 95. Qxa4 {[%emt 0:00:02]} Kc5 {
[%emt 0:00:00]} 96. Rc7+ {[%emt 0:00:02]} Kb6 {[%emt 0:00:06]} 97. Rc1 {[%emt
0:00:02]} Kb7 {[%emt 0:00:02]} 98. Qb5+ {[%emt 0:00:01]} Ka7 {[%emt 0:00:03]}
99. Ra1# {[%emt 0:00:01]} 1-0

[Event "Benidorm Satellite preliminary"]
[Site "playchess.com #007036"]
[Date "2009.10.24"]
[Round "11"]
[White "Tpeter"]
[Black "Florin G"]
[Result "0-1"]
[WhiteElo "1163"]
[BlackElo "1784"]
[PlyCount "28"]
[EventDate "2009.10.24"]
[EventType "swiss (blitz)"]

1. Na3 {[%emt 0:00:02]} e5 {[%emt 0:00:02]} 2. c3 {[%emt 0:00:00]} Bxa3 {[%emt
0:00:02]} 3. bxa3 {[%emt 0:00:01]} d5 {[%emt 0:00:01]} 4. g3 {[%emt 0:00:00]}
Nf6 {[%emt 0:00:01]} 5. Bg2 {[%emt 0:00:00]} O-O {[%emt 0:00:01]} 6. d4 {[%emt
0:00:01]} e4 {[%emt 0:00:01]} 7. f3 {[%emt 0:00:02]} Re8 {[%emt 0:00:03]} 8.
fxe4 {[%emt 0:00:07]} Nxe4 {[%emt 0:00:01]} 9. Qc2 {[%emt 0:00:07]} Qf6 {[%emt
0:00:02]} 10. Nf3 {[%emt 0:00:07]} Bf5 {[%emt 0:00:02]} 11. Bg5 {[%emt 0:00:14]
} Nxg5 {[%emt 0:00:03]} 12. Qd2 {[%emt 0:00:12]} Ne4 {[%emt 0:00:05]} 13. Ne5 {
[%emt 0:00:03]} Nxd2 {[%emt 0:00:03]} 14. Kxd2 {[%emt 0:00:03]} Rxe5 {[%emt 0:
00:01] Tpeter resigns} 0-1